Затерянный мир : (Record no. 342557)
[ view plain ]
| 000 -LEADER | |
|---|---|
| fixed length control field | 00760nam a2200193 a 4500 |
| 001 - CONTROL NUMBER | |
| control field | 001050879 |
| 003 - CONTROL NUMBER IDENTIFIER | |
| control field | AM-YeHGA |
| 005 - DATE AND TIME OF LATEST TRANSACTION | |
| control field | 20250618074341.0 |
| 008 - FIXED-LENGTH DATA ELEMENTS--GENERAL INFORMATION | |
| fixed length control field | 141208s1975 ||| r 000 0 rus d |
| 040 ## - CATALOGING SOURCE | |
| Original cataloging agency | AM-YeHGA |
| 041 1# - LANGUAGE CODE | |
| Language code of text/sound track or separate title | rus |
| Language code of summary or abstract | eng |
| 090 ## - LOCALLY ASSIGNED LC-TYPE CALL NUMBER (OCLC); LOCAL CALL NUMBER (RLIN) | |
| -- | 344350 |
| 100 1# - MAIN ENTRY--PERSONAL NAME | |
| Personal name | Դոյլ, Արթուր Կոնան, |
| 9 (RLIN) | 46 |
| 245 10 - TITLE STATEMENT | |
| Title | Затерянный мир : |
| Remainder of title | Научно-фантастические произведения / |
| Statement of responsibility, etc. | Артур Конан Дойл; Пер. с англ. Н. Волжиной. |
| 260 ## - PUBLICATION, DISTRIBUTION, ETC. | |
| Place of publication, distribution, etc. | Киев : |
| Name of publisher, distributor, etc. | Молодь, |
| Date of publication, distribution, etc. | 1975. |
| 300 ## - PHYSICAL DESCRIPTION | |
| Extent | 318 с. |
| 653 0# - INDEX TERM--UNCONTROLLED | |
| Uncontrolled term | Английская литература - Научно-фантастические романы и рассказы |
| 700 1# - ADDED ENTRY--PERSONAL NAME | |
| Personal name | Волжина, Н. |
| Relator term | пер. |
| Relationship | trl |
| Withdrawn status | Lost status | Source of classification or shelving scheme | Damaged status | Not for loan | Collection | Home library | Current library | Date acquired | Total checkouts | Full call number | Barcode | Date last seen | Price effective from | Koha item type | Public note |
|---|---|---|---|---|---|---|---|---|---|---|---|---|---|---|---|
| Universal Decimal Classification | General | Fundamental Scientific Library | Fundamental Scientific Library | 09/01/2017 | PII/357472 | FL0315730 | 09/01/2017 | 09/01/2017 | Գրքեր / Books | 30 Days Loan |
ՀՀ Գիտությունների ազգային ակադեմիայի հիմնարար գիտական գրադարան = Fundamental Scientific Library of NAS RA
All site content, except where otherwise noted, is licensed under a